• 首页
  • 本馆介绍
  • 公告通知
  • 最新文献
  • 馆藏检索
  • 电子资源
  • 读者导购
  • 参考咨询
  • 我的图书馆
  • 登录
  • 详细信息显示
  • 放入我的书架
  • 预约/预借图书
  • 作者相关作品
  • 分类相关作品
  • 丛书相关作品
  • 出版社相关作品

书目信息

  • 表格格式
  • 工作单格式
  • 卡片格式
题名:
间谍与反间谍
    
 
作者: 波波夫 , Popov 著 ;谷桦 译
分册:  
出版信息: 北京   群众出版社  1983
页数: 356页
开本: 19cm
丛书名:
单 册:
中图分类: D754.336 , D154.336
科图分类:
主题词: 情报机构--活动--南斯拉夫 , 国际共产主义运动
电子资源:
ISBN:
000 00876nam0 2200313 45
001 0183002677
005 20040425091516.7
010    @dCNY0.90
091    @a3067.154
100    @a19950728d1983 em y0chiy0121 ea
101 1  @achi@ceng
102    @aCN@b110000
105    @ay z 000yy
106    @ar
200 10 @a间谍与反间谍@Ajian die yu fan jian die@f(南)达斯科·波波夫(D.Popov)著@g谷桦译
210    @a北京@c群众出版社@d1983
215    @a356页@d19cm
300    @a书名原文:Syp/Counterspy
510 1  @aSyp/Counterspy@zeng
606    @a情报机构@x活动@y南斯拉夫
606 0  @a国际共产主义运动
690    @aD754.336@v3
690    @aD154.336
701  1 @a波波夫@Abo bo fu@b达斯科@4著
701 A1 @aPopov@bD.@4著
702  0 @a谷桦@Agu hua@4译
801  0 @aCN@b上海图书馆@c20040425
801  2 @aCN@bNLC@c20040425
905    @f1@b90577@f1@b89289@dD154.336@e49
    
    间谍与反间谍/(南)达斯科·波波夫(D.Popov)著/谷桦译.-北京:群众出版社,1983
    356页;19cm
    书名原文:Syp/Counterspy
    
    ISBN :CNY0.90
    
●
相关链接 在E读中查询图书 在五车中查询图书 在当当中查询图书 在豆瓣中查询图书


正题名:间谍与反间谍     索取号:D154.336/49         预约/预借

序号 登录号 条形码 馆藏地/架位号 状态 备注
1 0089289   001014752   第一借阅区/ [索取号:D154.336/49] 在馆    
2 0090577   001014761   密集书库/ [索取号:D154.336/49] 在馆    
唐山师范学院图书馆 欢迎您!
大连网信软件有限公司© 版权所有